000 00437nam a2200181Ia 4500
001 2880
005 20260306144839.0
008 260306t2011||||xx |||||||||||||| ||spa||
041 _aESP
082 _a231
_bS735
100 _aPetri Lombardi, Episcopi Parisiensis
_eAUT
245 0 _aSententiarum, libri quatuor
260 _c2011
300 _a685 páginas :
_c24 cm.
650 _aGEN
654 _aCHU
942 _cLIB
_dJUS
_fJUS
_2ddc
_n
999 _c2880
_d2880